| Tag |
First Indicator |
Second Indicator |
Subfields |
| LEADER |
00000cam a2200000 a 4500 |
| 001 |
in00000881021 |
| 005 |
20150923153147.0 |
| 008 |
811119s1664 miu a 00000 grc d |
| 035 |
|
|
|a (OCoLC)07940681
|
| 035 |
|
|
|9 AEL9616AM
|
| 037 |
|
|
|a CL0037000041
|b University Microfilms International
|
| 037 |
|
|
|b University Microfilms International, 300 N. Zeeb Rd., Ann Arbor, MI 48106
|
| 040 |
|
|
|a UMI
|c UMI
|d UtOrBLW
|
| 049 |
|
|
|a TXAI
|
| 090 |
|
|
|a BS1425
|b .G7 1664
|
| 099 |
|
|
|a film
|a B
|a 3609
|
| 130 |
0 |
|
|a Bible.
|p Psalms.
|l Greek.
|f 1664.
|
| 245 |
1 |
0 |
|a Psaltērion tou David :
|b kata tous Hebdomēkonta, eis ta tmēmata ...
|
| 264 |
|
1 |
|a En Kantabrigia :
|b Etypōthē par Iōannou tou Phieldou, tou tēs Akadēmias typothetou etei apo tēs theogonias,
|c 1664.
|
| 300 |
|
|
|a 171 pages
|
| 336 |
|
|
|a text
|b txt
|2 rdacontent
|
| 337 |
|
|
|a microform
|b h
|2 rdamedia
|
| 338 |
|
|
|a microfilm reel
|b hd
|2 rdacarrier
|
| 500 |
|
|
|a Reproduction of original in the King's College Library, Cambridge University.
|
| 510 |
4 |
|
|a Wing
|c B2720.
|
| 533 |
|
|
|a Microfilm.
|b Ann Arbor, Mich. :
|c University Microfilms International,
|d 1982.
|e 1 microfilm reel ; 35 mm.
|f (Early English books, 1641-1700 ; 1222:8)
|
| 500 |
|
|
|a Microform.
|
| 830 |
|
0 |
|a Early English books, 1641-1700 ;
|v 1222:8.
|
| 999 |
|
|
|a MARS
|
| 999 |
f |
f |
|s 076273a3-61cc-3439-8718-7133ff5103f3
|i 0ec5f11e-0e16-391f-aeb3-2be53d4b0cad
|t 0
|
| 952 |
f |
f |
|p default
|a Texas A&M University
|b College Station
|c Sterling C. Evans Library
|d Evans: Microforms (3rd floor)
|t 0
|e film B 3609 1222:8
|h Other scheme
|i microform -- microfilm reel
|
| 998 |
f |
f |
|a film B 3609 1222:8
|t 0
|l Evans: Microforms (3rd floor)
|